000 00692nam a2200205Ii 4500
003 JO-AjNU
008 230605s9999||||xx |||||||||||||| ||und||
017 _a1996/6/798
040 _aJO-AjNU
_bara
_erda
_cJO-AjNU
041 _aara
050 1 4 _aRC372 1996
100 3 _aالطيبي ، عكاشة عبدالمنان,
_eauthor
_918772
245 0 0 _aمفهوم الصرع بين العلم والدين
264 3 1 _aعمان:دار الاشراق للنشر والتوزيع ، 1996
300 _a106ص
336 _atext
_btxt
_2rdacontent
337 _aunmediated
_bn
_2rdamedia
338 _avolume
_bnc
_2rdacarrier
650 4 _aالصرع-الجهاز العصبي-امراض
_918773
999 _aA6067
_c9635
_d9635